000 00292nam a2200109Ia 4500
005 20251222153634.0
008 251222s9999||||xx |||||||||||||| ||spa||
082 _a869.56/G23P
100 _aVentura García Calderón
245 0 _aPáginas escogidas de Ventura García Calderón
942 _cLIB
999 _c32473
_d32473